| 000 | 00370nam a22001457a 4500 | ||
|---|---|---|---|
| 082 |
_a692.3 _bPUN _cL-14, P-88 |
||
| 100 |
_aP.W.D _945503 |
||
| 245 |
_aPunjab p.w.d specifications. _bP.W.D |
||
| 250 | _avol1. | ||
| 260 |
_aPakistan. _bGovt Printing Lahore. |
||
| 300 |
_a. _bill. |
||
| 526 |
_a0 _b0 _c0 _d692_300000000000000_PUN |
||
| 650 |
_aMCE _9379 |
||
| 942 |
_2ddc _cBK |
||
| 999 |
_c549009 _d549009 |
||